Electromagnetic compatibility engineering / (Record no. 13527)

MARC details
000 -LEADER
fixed length control field 01979cam a22003738a 4500
001 - CONTROL NUMBER
control field 15624444
005 - DATE AND TIME OF LATEST TRANSACTION
control field 20100218095836.0
008 - FIXED-LENGTH DATA ELEMENTS--GENERAL INFORMATION
fixed length control field 090213s2009 nju b 001 0 eng
010 ## - LIBRARY OF CONGRESS CONTROL NUMBER
LC control number 2009006814
020 ## - INTERNATIONAL STANDARD BOOK NUMBER
International Standard Book Number 9780470189306
040 ## - CATALOGING SOURCE
Original cataloging agency DLC
Transcribing agency DLC
Modifying agency DLC
050 00 - LIBRARY OF CONGRESS CALL NUMBER
Classification number TK7867.5
Item number .O867 2009
082 00 - DEWEY DECIMAL CLASSIFICATION NUMBER
Classification number 621.38224
Edition number 22
Item number OTT
100 1# - MAIN ENTRY--PERSONAL NAME
Personal name Ott, Henry W.,
Dates associated with a name 1936-
9 (RLIN) 11975
245 10 - TITLE STATEMENT
Title Electromagnetic compatibility engineering /
Statement of responsibility, etc Henry W. Ott.
250 ## - EDITION STATEMENT
Edition statement Rev. ed.
260 ## - PUBLICATION, DISTRIBUTION, ETC. (IMPRINT)
Place of publication, distribution, etc Hoboken, N.J. :
Name of publisher, distributor, etc John Wiley & Sons,
Date of publication, distribution, etc c.2009.
263 ## - PROJECTED PUBLICATION DATE
Projected publication date 0909
300 ## - PHYSICAL DESCRIPTION
Extent 843p:
Other physical details ill;
Dimensions 25.
500 ## - GENERAL NOTE
General note Earlier ed. published under title: Noise reduction techniques in electronic systems, 1988.
500 ## - GENERAL NOTE
General note Includes Index.
504 ## - BIBLIOGRAPHY, ETC. NOTE
Bibliography, etc Includes bibliographical references and index.
650 #0 - SUBJECT ADDED ENTRY--TOPICAL TERM
Topical term or geographic name as entry element Electronic circuits
General subdivision Noise.
9 (RLIN) 11976
650 #0 - SUBJECT ADDED ENTRY--TOPICAL TERM
Topical term or geographic name as entry element Electromagnetic compatibility.
9 (RLIN) 11977
700 1# - ADDED ENTRY--PERSONAL NAME
Personal name Ott, Henry W.,
Dates associated with a name 1936-
Title of a work Noise reduction techniques in electronic systems.
9 (RLIN) 11978
856 42 - ELECTRONIC LOCATION AND ACCESS
Materials specified Publisher description
Uniform Resource Identifier <a href="http://www.loc.gov/catdir/enhancements/fy0906/2009006814-d.html">http://www.loc.gov/catdir/enhancements/fy0906/2009006814-d.html</a>
856 42 - ELECTRONIC LOCATION AND ACCESS
Materials specified Contributor biographical information
Uniform Resource Identifier <a href="http://www.loc.gov/catdir/enhancements/fy0913/2009006814-b.html">http://www.loc.gov/catdir/enhancements/fy0913/2009006814-b.html</a>
856 41 - ELECTRONIC LOCATION AND ACCESS
Materials specified Table of contents only
Uniform Resource Identifier <a href="http://www.loc.gov/catdir/enhancements/fy0917/2009006814-t.html">http://www.loc.gov/catdir/enhancements/fy0917/2009006814-t.html</a>
942 ## - ADDED ENTRY ELEMENTS (KOHA)
Source of classification or shelving scheme Dewey Decimal Classification
Item type Book - Borrowing
Holdings
Withdrawn status Item status Source of classification or shelving scheme Damaged status Not for loan Vendor Home library Current library Shelving location Date acquired Source of acquisition Total Checkouts Total Renewals Full call number Barcode Date last seen Date last borrowed Koha item type
    Dewey Decimal Classification     Baccah Central Library Central Library First floor 28/02/2010   3 27 621.38224 OTT 000019859 15/07/2025 21/02/2019 Book - Borrowing
    Dewey Decimal Classification     Baccah Central Library Central Library First floor 28/02/2010   4 7 621.38224 OTT 000019858 15/07/2025 07/02/2018 Book - Borrowing
    Dewey Decimal Classification     Baccah Central Library Central Library First floor 28/02/2010   5 42 621.38224 OTT 000019857 15/07/2025 16/08/2018 Book - Borrowing